000 00464nam a2200193Ia 4500
005 20250923144708.0
008 008 250917s9999 xx 000 0 eng d
037 _aTextual
040 _aDSWL
_beng
_cDSWL
041 _aeng
_2eng
084 _qDSWL
245 0 _aHindu Marriage act, 1955
260 _a Delhi
_b Manager of Publication
_c1958
300 _a12p.
365 _aINR
_b0.31
925 _g0.31
942 _cTEXL
999 _c1442153
_d1442153